000 00316nam a22001337a 4500
020 _a978-0-600-61739-6
082 _a001
_bASH/T
100 _aASH, RUSSELL
245 _aTOP 10OF EVERYTHING 2009
260 _aGREAT BRITAIN
_bHAMLYN
_c2009
300 _a256
650 _aGENERAL KNOWLEDGE
_zGREAT BRITAIN
942 _cBK
999 _c1869
_d1869